Rumania Agricultural Production, Output, Expenses, Gross and Net Product, and Productivity, 1938, 1948, and 1950-1971
Salvato in:
| Autore principale: | |
|---|---|
| Altri autori: | |
| Natura: | Libro |
| Lingua: | inglese |
| Pubblicazione: |
New York
Economic Studies Riverside Research Institute
1973
|
| Edizione: | 1. ed. |
| Serie: | Occasional Papers of the Research Project on National Income in East Central Europe
38 |
| Soggetti: | |
| Tags: |
Nessun Tag, puoi essere il primo ad aggiungerne!!
|
MARC
| LEADER | 00000nam a2200000 4500 | ||
|---|---|---|---|
| 001 | c013373 | ||
| 005 | 20230227131444.7 | ||
| 041 | 0 | |a eng | |
| 044 | |a US | ||
| 245 | 1 | 0 | |a Rumania |b Agricultural Production, Output, Expenses, Gross and Net Product, and Productivity, 1938, 1948, and 1950-1971 |c Gregor Lazarcik, George Pall |
| 250 | |a 1. ed. | ||
| 264 | 1 | |a New York |b Economic Studies Riverside Research Institute |c 1973 | |
| 300 | |a 55 s. | ||
| 490 | 1 | |a Occasional Papers of the Research Project on National Income in East Central Europe |v 38 | |
| 830 | 0 | |a Occasional Papers of the Research Project on National Income in East Central Europe |v 38 | |
| 610 | 2 | 0 | |a výroba poľnohospodárska |
| 610 | 2 | 0 | |a produkt domáci čistý |
| 610 | 2 | 0 | |a produkt domáci hrubý |
| 610 | 2 | 0 | |a produktivita |
| 610 | 2 | 0 | |a 1938 |
| 610 | 2 | 0 | |a 1948 |
| 610 | 2 | 0 | |a 1950-1971 |
| 100 | 1 | |a Lazarcik, Gregor | |
| 700 | 1 | |a Pall, George | |